Loading...
| Current Events | 6 | 20.00 | 100% | 67% | 33% |
| Fine Arts - Classical Music | 6 | 20.00 | 100% | 83% | 17% |
| Fine Arts - Other | 9 | 22.22 | 100% | 89% | 33% |
| Fine Arts - Painting and Sculpture | 6 | 18.33 | 83% | 50% | 50% |
| Geography | 6 | 15.00 | 100% | 33% | 17% |
| History - American | 2 | 20.00 | 100% | 50% | 50% |
| History - European | 4 | 20.00 | 100% | 75% | 25% |
| History - Other | 3 | 13.33 | 100% | 33% | 0% |
| History - World | 8 | 22.50 | 100% | 75% | 50% |
| Literature - Drama | 5 | 20.00 | 100% | 80% | 20% |
| Literature - Long Fiction | 7 | 24.29 | 100% | 100% | 43% |
| Literature - Misc | 2 | 30.00 | 100% | 100% | 100% |
| Literature - Poetry | 5 | 18.00 | 100% | 80% | 0% |
| Literature - Short Fiction | 1 | 20.00 | 100% | 100% | 0% |
| Mythology | 6 | 10.00 | 100% | 0% | 0% |
| Other Academic | 6 | 18.33 | 100% | 67% | 17% |
| Philosophy | 6 | 21.67 | 100% | 100% | 17% |
| Religion | 4 | 15.00 | 100% | 50% | 0% |
| Science - Biology | 4 | 20.00 | 100% | 75% | 25% |
| Science - Chemistry | 6 | 13.33 | 83% | 50% | 0% |
| Science - Other | 6 | 11.67 | 83% | 33% | 0% |
| Science - Physics | 3 | 13.33 | 100% | 33% | 0% |
| Short Fiction and Other | 4 | 20.00 | 100% | 100% | 0% |
| Social Science | 9 | 16.67 | 100% | 56% | 11% |